000 00751nam a2200205 a 4500
001 BRCA_786
005 20190320203141.0
008 980211s1997 mx-a---##b---#000-0#spa-#
020 _a9701804546
040 _aDLC
_cDLC
_dDLC
050 4 _aNX514.A1
_b.A74 1997
245 1 0 _aArt Déco
_bun país nacionalista, un México cosmopolíta.
260 _aMéxico
_bINBA
_c1997
300 _a206 p.
_bil. a color
_c32 cm.
500 _aCatálogo de la exposición realizada en el Museo Nacional de Arte (Ciudad de México), noviembre 1997 - abril 1998
504 _aIncluye índice de ilustraciones y referencias bibliográficas
650 1 4 _aArt decó
_vExposiciones
_zMéxico
_92617
650 1 4 _aArte mexicano
_vExposiciones
_ySiglo XX
_92618
942 _2lcc
_cB
999 _c683
_d683